Welcome to the Holygrace Academy Library

Please use search bar below to get started

RELIGION IN INDIA (Record no. 5268)

MARC details
000 -LEADER
fixed length control field 00295nam a22001337a 4500
020 ## - INTERNATIONAL STANDARD BOOK NUMBER
ISBN 019563092-0
082 ## - DEWEY DECIMAL CLASSIFICATION NUMBER
Classification number 200
Item number MAD/R
100 ## - MAIN ENTRY--AUTHOR NAME
Personal name MADAN, T N
245 ## - TITLE STATEMENT
Title RELIGION IN INDIA
260 ## - PUBLICATION, DISTRIBUTION, ETC. (IMPRINT)
Place of publication DELHI
Name of publisher OXFORD UNIVERSITY PRESS
Year of publication 2003
300 ## - PHYSICAL DESCRIPTION
Number of Pages 459
650 ## - SUBJECT ADDED ENTRY--TOPICAL TERM
Topical Term RELIGIOUS
Geographic subdivision INDIA
942 ## - ADDED ENTRY ELEMENTS (KOHA)
Koha item type Books
Holdings
Withdrawn status Lost status Collection code Home library Current library Shelving location Date acquired Source of acquisition Cost, normal purchase price Full call number Accession Number Koha item type
    Non-fiction Main Library Main Library SHELF 15 C-RELIGIOUS 24/10/2006 purchase 295.00 200 MAD/R 04208 Books